- Bueno, Carmen
Entry Nombre Personal
001 - NUMERO DE CONTROL
- campo de control: 45164
003 - IDENTIFICADOR DE NUMERO DE CONTROL
- campo de control: DLC
005 - FECHA Y HORA DE LA ÜLTIMA TRANSACCIÓN
- campo de control: 20220816082257.0
008 - DATOS DE LONGITUD FIJA
- campo de control de longitud fija: 220816n| acannaabn |a aaa
010 ## - NÚMERO DE CONTROL DE LA BIBLIOTECA DEL CONGRESO
- Número de control LC: n 90679794
035 ## - NUMERO DE CONTROL
- Número de control: (OCoLC)oca02795758
040 ## - FUENTE DE CATALOGACIÓN
- Agencia original de catalogación: DLC
- Lenguaje de catalogación: spa
- Agencia de transcripción: DLC
- Agencia que lo modifica: DLC
- Agencia que lo modifica: OCoLC
- Agencia que lo modifica: DLC
- Agencia que lo modifica: MX-MxUPN
100 1# - ENCABEZAMIENTO - NOMBRE PERSONAL
- Nombre personal: Bueno, Carmen
400 1# - VEÁSE - NOMBRE DE PERSONA
- Personal name: Bueno Castellanos, Carmen
400 1# - VEÁSE - NOMBRE DE PERSONA
- Personal name: Castellanos, Carmen Bueno
400 1# - VEÁSE - NOMBRE DE PERSONA
- Personal name: Bueno C., Carmen
- Fuller form of name: (Bueno Castellanos)
670 ## - FUENTE EN LA QUE SE LOCALIZARON DATOS
- Cita de la fuente: En su obra: Preparación y venta de comida ... 1988:
- Información localizada: portada (Carmen Bueno)
670 ## - FUENTE EN LA QUE SE LOCALIZARON DATOS
- Cita de la fuente: Flor de andamio, 1994:
- Información localizada: portada (Carmen Bueno Castellanos)
670 ## - FUENTE EN LA QUE SE LOCALIZARON DATOS
- Cita de la fuente: Las expresiones locales de la globalización, 2003:
- Información localizada: portada (Carmen Bueno) página 293 (Carmen Bueno C.; Universidad Iberoamericano)
902 ## - CATALOGADOR
- Catalogador: NDAF/160822
